[Event "21st Hogeschool Zeeland 2017"]
[Site "Vlissingen"]
[Date "2017.08.05"]
[Round "1"]
[White "Albrecht, Alex"]
[Black "Leenhouts, Koen"]
[Result "0-1"]
[WhiteElo "1891"]
[BlackElo "2486"]
[Annotator "TA"]
[PlyCount "90"]
[EventDate "2017.??.??"]
[SourceTitle "playchess.com"]
[Source "ChessBase"]
[SourceQuality "1"]

{[%evp 21,90,34,41,18,40,37,52,25,61,47,64,46,94,63,153,41,30,28,60,49,53,50,55,25,59,66,62,52,60,21,58,-101,-120,-131,-68,-63,62,49,134,125,352,356,350,244,737,691,787,470,490,452,452,452,452,452,477,452,411,390,632,158,495,485,606,-60,0,-29978,-29981,-29981,-29982,-29982,-29983]} 1. d4 Nf6 2. c4 g6 3. Nc3 d5 4. cxd5 Nxd5 5. e4 Nxc3 6. bxc3 Bg7 7. Bc4 c5 8. Ne2 Nc6 9. Be3 O-O 10. O-O Bg4 11. f3 Bd7 12. Qd2 {D87: Exchange Grünfeld: Classical Line: Variations without ...cxd4} (12. Rb1 Qc7 13. Qd2 Rad8 14. Rfc1 Na5 15. Bd3 e5 16. Bh6 b6 17. Bxg7 Kxg7 18. f4 f6 19. fxe5 fxe5 20. Qg5 cxd4 21. cxd4 {0-1 (101) Aronian,L (2784)-Areshchenko,A (2672) Baku 2015}) 12... Qc7 13. Rac1 b6 14. f4 {White is slightly better.} Na5 15. Bd3 $1 f5 $146 ({Predecessor:} 15... Rad8 16. f5 b5 17. Bh6 Nc4 18. Bxc4 bxc4 19. Rf3 f6 20. Bf4 {½-½ (43) Sandklef,A-Soderborg,B (2126) Stockholm 2007}) 16. exf5 gxf5 17. Ng3 Qd6 ({Black should try} 17... cxd4 $14 18. Bxd4 (18. cxd4 Qd6 $14) 18... Bxd4+ 19. cxd4 Qd6) 18. Qf2 (18. dxc5 $16 bxc5 19. Rfd1) 18... Rac8 $14 19. Kh1 c4 20. Be2 Bc6 21. Bf3 Bd5 22. Bd2 b5 23. Rfe1 Nc6 24. Rb1 (24. a4 $5) 24... a6 25. Re2 b4 26. Re5 $2 (26. Bxd5+ $14 {keeps the upper hand.} Qxd5 27. Nh5) 26... Bxf3 $17 27. gxf3 Bxe5 ({Better is} 27... bxc3 $17 28. Bxc3 Nxe5 29. fxe5 Qh6) 28. fxe5 $15 {[%cal Bf4e5,Be5e6][%mdl 32]} Qd5 (28... Qe6 $15) 29. Nh5 $1 $14 {[%mdl 1024] aiming for Bh6. White has compensation.} Kh8 (29... Qf7 $14 30. Nf4 Rfd8) 30. Nf4 $16 Qf7 $2 (30... Qa5 $16) 31. e6 $1 $18 {[%cal Re6f7]} Qf6 32. d5 Ne5 $2 {[#]} (32... bxc3 33. Be1 Nb4) 33. Be3 $1 Qh6 34. Rg1 b3 {[#]} 35. Ng6+ $1 {[%mdl 512]} Qxg6 (35... Nxg6 36. Bxh6) 36. Rxg6 Nxg6 37. Bd4+ Kg8 38. axb3 Rb8 39. b4 Rfd8 $2 (39... f4 40. Qe2 a5 41. Qxc4 Rbc8) 40. Qg3 $2 (40. h4 $18 {and the rest is easy.}) 40... Rb5 $2 (40... Rbc8 $16 {is a better chance.}) 41. h4 f4 {[#]} 42. Qg5 $2 ({Only move:} 42. Qg4 $1 $18) 42... Rdxd5 ({Black should play} 42... Rbxd5 $15 43. Qg4 Rxd4 44. cxd4 c3) 43. Qh6 $2 {[%mdl 8192] [#]} (43. Qg2 $11) 43... Rxd4 $1 {[%mdl 512] Black mates.} 44. cxd4 c3 {[%cal Bc4c3,Bc3c2][%mdl 32]} 45. h5 c2 {Precision: White = 41%, Black = 22%.} 0-1

[Event "21st Hogeschool Zeeland 2017"]
[Site "Vlissingen"]
[Date "2017.08.05"]
[Round "1"]
[White "Vlaar, Shannon"]
[Black "Van Foreest, Lucas"]
[Result "0-1"]
[WhiteElo "1882"]
[BlackElo "2467"]
[Annotator "TA"]
[PlyCount "30"]
[EventDate "2017.??.??"]
[SourceTitle "playchess.com"]
[Source "ChessBase"]
[SourceQuality "1"]

{[%evp 14,30,1,-8,8,-12,-8,-356,-363,-316,-284,-273,-264,-1050,-1013,-1056,-1050,-29991,-29992]} 1. e4 e5 2. Nf3 Nc6 3. Bb5 {[%cal Bf1b5,Bb5a4,Ba4b3][%mdl 32]} a6 4. Ba4 Nf6 5. d3 b5 6. Bb3 Bc5 7. O-O d6 8. Bg5 h6 {C78: Ruy Lopez: Archangelsk and Möller Defences} 9. Bh4 (9. Bxf6 $5 Qxf6 10. Nc3 $11) 9... g5 10. Nxg5 $146 {[%mdl 8192]} (10. Bg3 $11 {and White stays safe.}) ({Find the theoretical novelty and annotate with similar games:} 10. Bg3 Bg4 11. c3 Bb6 12. a4 Rb8 13. axb5 axb5 14. Na3 Nh5 15. Nxb5 Qf6 16. d4 Nxg3 17. hxg3 {0-1 (32) Koitka,J (2153)-Kolosowski,M (2426) Trzcianka 2016}) 10... hxg5 $19 {Black is winning.} 11. Bxg5 Nd4 {[#] Threatens to win with ...Bg4.} 12. Kh1 Rg8 13. h4 $2 (13. f4 exf4 14. Bxf4) 13... Rxg5 14. hxg5 Ng4 15. f4 Ke7 0-1

[Event "21st Hogeschool Zeeland 2017"]
[Site "Vlissingen"]
[Date "2017.08.05"]
[Round "1"]
[White "Mostertman, Johan"]
[Black "Czebe, Attila"]
[Result "0-1"]
[WhiteElo "1878"]
[BlackElo "2465"]
[Annotator "TA"]
[PlyCount "86"]
[EventDate "2017.??.??"]
[SourceTitle "playchess.com"]
[Source "ChessBase"]
[SourceQuality "1"]

{[%evp 9,86,22,33,16,22,10,23,9,8,-13,0,0,18,-87,-78,-165,-132,-120,-120,-132,-69,-144,-133,-145,-110,-115,-120,-164,-104,-85,-85,-174,-169,-180,-163,-163,-167,-223,-185,-225,-225,-225,-214,-304,-267,-464,-446,-570,-559,-612,-545,-813,-782,-845,-810,-957,-964,-980,-997,-1147,-1143,-1140,-1116,-1134,-1041,-1255,-1217,-1451,-1453,-1884,-1826,-1799,-1459,-2658,-2563,-29985,-29986,-29986,-29977]} 1. d4 Nf6 2. Bg5 e6 {[#]} 3. e4 $1 {[%mdl 512]} h6 (3... Nxe4 4. Bxd8) 4. Bxf6 Qxf6 5. Nf3 d6 6. c3 {A46: 1 d4 Nf6 2 Nf3 e6: Torre, London and Colle Systems} (6. Nc3 c6 7. e5 Qd8 8. exd6 Bxd6 9. Ne4 Be7 10. Bd3 Qb6 11. c3 Nd7 12. Qe2 Qc7 13. O-O-O b5 14. Kb1 Bb7 {½-½ (23) Jobava,B (2698)-Berg,E (2570) Sweden 2016}) 6... g6 7. Nbd2 Bg7 8. Bd3 {White has an edge.} e5 9. h3 O-O 10. O-O Nc6 {[%cal Re5d4]} 11. Rc1 $146 (11. d5 $11 {keeps the balance.} Ne7 12. Qb3) ({Find the theoretical novelty and annotate with similar games:} 11. dxe5 Nxe5 12. Be2 Re8 13. a4 Nd7 14. Bd3 Nf8 15. Nc4 Ne6 16. Ne3 c6 17. e5 dxe5 {0-1 (64) Ismail,A (2053)-Emperado,E (2328) Kuala Lumpur 2013}) 11... exd4 $17 12. c4 (12. cxd4 $17 Nxd4 13. Rxc7) 12... a5 13. c5 dxc5 14. Rxc5 Qe7 (14... Nb4 $17 15. Bb1 Qb6) 15. Rc1 (15. Qc1 $1 $15) 15... Nb4 16. Bb1 Be6 17. a3 Na6 $36 {[%mdl 2048] Black has strong initiative.} 18. Qa4 Qd7 (18... Nc5 $19 19. Qb5 b6) 19. Qxd7 Bxd7 20. Nb3 (20. e5 $17) 20... b6 $19 {[%cal Bb7b6,Bb6b5][%mdl 32]} 21. Rfe1 c5 22. Nbd2 Rfd8 23. Nc4 (23. e5 {is a better defense.}) 23... Rab8 24. Nce5 {[#]} Be8 $1 25. Ba2 b5 26. Nxg6 (26. Bd5 {was called for.}) 26... d3 {Strongly threatening ...c4.} 27. Rcd1 $2 (27. Rb1 {was the only chance.}) 27... Bxb2 28. Nfe5 c4 29. Ne7+ Kf8 30. N5c6 Rb6 31. Nxd8 Kxe7 32. Nxf7 Bxf7 33. Re3 Nc5 34. Bb1 Bxa3 35. g4 Rd6 36. e5 Rd4 37. Kg2 Bg6 38. Kg3 Ne4+ 39. Kf3 Nc3 40. Rf1 b4 41. h4 Nxb1 42. Rxb1 c3 43. h5 Be8 {Precision: White = 15%, Black = 70%.} 0-1